Skojarz jedzenie z miejscowością w Polsce - Statystyki

Ogólne statystyki
  • Ten quiz został rozwiązany 70 razy
  • Średni wynik to 8 z 25
Statystyki odpowiedzi
Hint Odpowiedź % Poprawnych
pierniki Toruń
98%
obwarzanek Kraków
95%
rogal świętomarciński Poznań
87%
paprykarz Szczecin
83%
makaron Lubella Lublin
72%
kremówka Wadowice
72%
ptasie mleczko Warszawa
68%
keczup Pudliszki, Włocławek
42%
herbata tarninówka Tarnów
38%
piwo Książęce Tychy
22%
Cisowianka Nałęczów
20%
śliwowica Łącko
17%
Olej Kujawski Kruszwica, Brzeg
13%
woda Polaris Muszyna
13%
mleko wypasione Wysokie Mazowieckie
12%
czekolada Wawel Dobczyce
8%
woda Kinga Pienińska Krościenko nad Dunajcem
8%
talarki Lajkonik Skawina
8%
kapusta kiszona, ogórki kiszone Charsznica
7%
pasztet podlaski Siedlce
7%
herbata Minutka Ustroń
7%
paluszki Beskidzkie Malec
3%
delicje Płońsk
3%
mleko Radomsko
3%
sery i serki Turek
3%
Nie znaleziono quizów pasujących do podanych kryteriów
Rozkład punktacji
Procent ludzi z każdym wynikiem
Percentyl według liczby udzielonych odpowiedzi
Twoja historia wyników
Nie rozwiązałeś tego quizu